Cliquez sur les pays d'Amérique du Nord sur une carte sans frontières - Statistiques

Statistiques générales
  • Ce quiz a été pris 3 351 fois
  • Le résultat moyen est 14 sur 23
Réponses sur la Carte
Les réponses sont colorées sur une échelle allant du rouge au vert en fonction du pourcentage des utilisateurs qui les ont devinées à leur premier essai. Vous pouvez retrouver ces pourcentages ci-dessous.
 
Statistiques - réponses
Réponse % Correct
Canada
79%
États-Unis
79%
Mexique
77%
Cuba
74%
Panama
73%
Bahamas
71%
République Dominicaine
69%
Haïti
68%
Jamaïque
68%
Belize
62%
Costa Rica
62%
Nicaragua
60%
Guatemala
59%
Honduras
59%
Trinité-et-Tobago
58%
Salvador
53%
Barbade
46%
Antigua-et-Barbuda
45%
Dominique
44%
Sainte-Lucie
44%
Saint-Vincent-et-
les-Grenadines
43%
Grenade
41%
Saint-Christophe-et-Niévès
41%
Aucun quiz correspondant
Distribution des résultats
% des personnes avec chaque résultat
Percentile par nombre de réponses
Votre historique - résultats
Vous n’avez pas pris ce quiz